000 00269nam a22001217a 4500
082 _a530
_bSAT/S
100 _aSATISH CBSE SERIES
245 _aCBSE PHYSICS
_bFOR CLASS XII
260 _aDELHI
_bCBSE
300 _a456
650 _aPHYSICS FOR CLASS XII
_zINDIA
942 _cBK
999 _c683
_d683